LEADER 01233nas 2200397-a 450 001 996205332503316 005 20240413025746.0 035 $a(CKB)991042731647584 035 $a(CONSER)---93643811- 035 $a(EXLCZ)99991042731647584 100 $a19830706c1982uuuu --- a 101 0 $aeng 181 $ctxt$2rdacontent 182 $cc$2rdamedia 183 $acr$2rdacarrier 200 00$aCanadian sailings 210 $a[Montréal] $cGallery Publication$d[1982]- 210 3 $aDorval, Québec, Canada $cGreat White Publications 215 $a1 online resource 300 $a"A complete weekly guide of shipping services." 311 08$aPrint version: Canadian sailings. 0821-5944 (DLC) 93643811 (OCoLC)9670534 531 0 $aCan. sail. 606 $aShipping$zCanada$vPeriodicals 606 $aTransports maritimes$zCanada$vPériodiques 606 $aShipping$2fast$3(OCoLC)fst01116352 607 $aCanada$2fast 608 $aPeriodicals.$2fast 615 0$aShipping 615 6$aTransports maritimes 615 7$aShipping. 676 $a387.5/44/097105 906 $aJOURNAL 912 $a996205332503316 920 $aexl_impl conversion 996 $aCanadian sailings$92236902 997 $aUNISA LEADER 02274oas 2200865 a 450 001 9910143946003321 005 20260218110806.0 011 $a1957-7958 035 $a(DE-599)ZDB2375342-0 035 $a(OCoLC)168257865 035 $a(CONSER) 2009242079 035 $a(CKB)954925457006 035 $a(DE-599)2375342-0 035 $a(EXLCZ)99954925457006 100 $a20070906a19719999 sy 101 0 $afre 135 $aurun||||||||| 181 $ctxt$2rdacontent 182 $cc$2rdamedia 183 $acr$2rdacarrier 200 10$aRomantisme 210 $a[Paris] $cFlammarion 300 $aRefereed/Peer-reviewed 311 08$a0048-8593 606 $aRomanticism$vPeriodicals 606 $aFrench literature$xHistory and criticism 606 $aLitte?rature franc?aise$xHistoire et critique$vPe?riodiques 606 $aRomantisme$vPe?riodiques 606 $aFrench literature$2fast$3(OCoLC)fst00934688 606 $aRomanticism$2fast$3(OCoLC)fst01100133 606 $aRomanticisme$vRevistes$2lemac 606 $aLITERATURA FRANCESA$xPUBLICACIONES PERIODICAS$2renib 608 $aCriticism, interpretation, etc.$2fast 608 $aPeriodicals.$2fast 608 $aPeriodicals.$2lcgft 615 0$aRomanticism 615 0$aFrench literature$xHistory and criticism. 615 6$aLitte?rature franc?aise$xHistoire et critique 615 6$aRomantisme 615 7$aFrench literature. 615 7$aRomanticism. 615 7$aRomanticisme 615 7$aLITERATURA FRANCESA$xPUBLICACIONES PERIODICAS. 676 $a809.914 712 02$aSocie?te? des e?tudes romantiques 801 0$bOCLCS 801 1$bOCLCS 801 2$bOCLCS 801 2$bMYG 801 2$bCUS 801 2$bOCLCQ 801 2$bOCLCF 801 2$bOCLCO 801 2$bVT2 801 2$bOCLCQ 801 2$bCUI 801 2$bQGK 801 2$bOCLCO 801 2$bOCLCQ 801 2$bU3W 801 2$bOCLCQ 801 2$bSFB 801 2$bOCLCL 801 2$bZ5A 801 2$bREB 801 2$bUAB 801 2$bFIE 801 2$bCEF 801 2$bS2H 801 2$bLVT 801 2$bOCLCQ 906 $aJOURNAL 912 $a9910143946003321 996 $aRomantisme$9234633 997 $aUNINA